Missing Word: Submarine Movies Quiz Stats

 Plays Quiz Updated Aug 9, 2014

Support Sporcle.
Go Orange.
Score 0/16 Timer 02:00
0 Plays Today
Movie Missing Word % Correct
The Hunt for Red _____October
97.9%
20,000 _____ Under the SeaLeagues
93.7%
Yellow _____Submarine
87%
The Spy Who _____ MeLoved
86%
Crimson _____Tide
85.4%
Das _____Boot
82%
_____-571U
77.9%
X-Men: _____ ClassFirst
75.9%
Movie Missing Word % Correct
_____ PeriscopeDown
71.3%
The Life _____ with Steve ZissouAquatic
63.6%
Run Silent, Run _____Deep
62.1%
Ice _____ ZebraStation
52.1%
Fantastic _____Voyage
43.1%
K-19 The _____Widowmaker
41.7%
_____ PetticoatOperation
41.1%
The Enemy _____Below
38.9%

Today's Daily Dose

You're not logged in!

Compare scores with friends on all Sporcle quizzes.
OR
Log In

From the Vault

The Hail Mary

by M_C_HAMEL

This is one quiz you don't want to pass on.
Remove Ads.
Support Sporcle.
Get the best of Sporcle when you Go Orange. This ad-free experience offers more features, more stats, and more fun while also helping to support Sporcle. Thank you for becoming a member.

Show Comments

Extras

Top Quizzes Today


Score Distribution

Your Account Isn't Verified!

In order to create a playlist on Sporcle, you need to verify the email address you used during registration. Go to your Sporcle Settings to finish the process.

Report this User

Report this user for behavior that violates our Community Guidelines.

Details: